000 00357 a2200157 4500
001 160763
020 _a
040 _cMagnum
100 _aOliveira, Maria Helena Cozzolino de
240 1 0 _aDidatica dos estudos sociais
_lpor
245 1 0 _aDidatica dos estudos sociais
362 0 _a1899
440 1 _aSaraiva
697 _aPARADIDATICO
942 _cBK
999 _c160763
_d160763